عرض عادي
عرض مارك
- Harris, Zellig S.
مدخل إسم شخص
001 - رقم الضبط
- حقل الضبط: 89511
003 - معرف رقم الضبط
- حقل الضبط: OSt
005 - تاريخ ووقت أخر عملية
- حقل الضبط: 20220314161434.0
008 - عناصر بيانات ثابتة الطول
- حقل تحكم ثابت الطول: 220314|| aca||aabn | a|a d
040 ## - مصدر الفهرسة
- هيئة الفهرسة الأصلية: OSt
- وكالة الكتابة: OSt
100 ## - مدخل -- أسم شخص
- إسم شخص: Harris, Zellig S.
- الشكل الكامل للاسم: (Zellig Sabbettai),
- تواريخ مرتبطة بالاسم: 1909-1992.
670 ## - بيانات المصدر موجوده
- الاستشهاد بالمصدر: Work cat.: (OSt)0: Harris, Zellig S. (Zellig Sabbettai), 1909-1992., Papers in structural and transformational linguistics., [1970]
